000 00399nam a2200145 4500
008 0 1965 0a 000 0MEX
020 _a0-07-0582038-3
050 _aQC311 R466
082 _a536.7 R579t
100 _aReynolds, William C.
245 _aTermodinamica / William C. Reynolds
260 _aMéxico : Ediciones Castillo
300 _a488 p. / 23 cm.
650 _a1. TERMODINAMICA
999 _c21605
_d21605